000 00277nam a2200097Ia 4500
008 220204s9999 xx 000 0 und d
082 _a66(035)(540)
_bHAN
245 0 _aHandbook of indegenous manufacturers
260 _aIndia
_bMinistry of Commerce and Industry
_c1954
942 _cBK
999 _c19804
_d19804